000 00599nam a2200181Ia 4500
003 GCL
008 140319s9999 xx 000 0 ara d
040 _aGCL /
_cGCL
082 0 4 _a251.222
_bم ض
100 1 _aمحمد احمد سراج
245 1 0 _aضمان العدوان فى الفقه الاسلامى /
_cمحمد احمد سراج
260 _a[S.N] :
_bالمؤسسة الجامعية للدراسات والنشر والتوزيع ،
_c1993
300 _a480 ص
490 _a
650 0 4 _aالاحكام الشرعية
650 0 4 _aالفقه الاسلامى
942 _2ddc
_cBK
999 _c55161
_d55161